| 000 | 00458nam a2200169Ia 4500 | ||
|---|---|---|---|
| 003 | GCL | ||
| 008 | 140319s9999 xx 000 0 ara d | ||
| 040 |
_aGCL / _cGCL |
||
| 082 | 0 | 4 |
_aط _b811.052 _bم ف |
| 100 | 1 | _aمحمد جبار حسن | |
| 245 | 1 | 0 |
_aالفراشات الهاربة / _cمحمد جبار حسن |
| 300 | _a20 ص | ||
| 490 |
_aالسلسلة الشعرية _v0 |
||
| 650 | 0 | 4 | _aالاطفال |
| 650 | 0 | 4 | _aالشعر |
| 942 |
_2ddc _cBK |
||
| 999 |
_c45410 _d45410 |
||